00317nam a2200145Ia 4500008004100000041000800041082000800049100002100057245002000078250000800098260003000106300000800136542001500144650001200159220531s9999 xx 000 0 und d aeng bMUK aMukherjee, Tutun aChicago Critics a1ST bAcademic foundationc1997 a136 d28-01-2000 aEnglish